00330nam a2200121Ia 4500008004100000020001800041041000800059082003200067100003300099245003700132260003000169300000900199230411s9999 xx 000 0 und d a0-7506-1588-5 aeng aMS/610.73677/CAR/BOW/B03755 aCarroll Dawn & Bowsher David aPain Management and Nursing Care bButterworthaOxfordc1993 a258p